| 000 | 01042nam a22001817a 4500 | ||
|---|---|---|---|
| 003 | OSt | ||
| 005 | 20260410083127.0 | ||
| 008 | 260410b |||||||| |||| 00| 0 eng d | ||
| 040 |
_aDWCL GS lib _cOC |
||
| 082 | _aFic. W532 2000 | ||
| 100 | _aWhite E.B | ||
| 245 |
_athe trumpet of the swam _cWhite E.B |
||
| 260 |
_aNew York _bHarpercollins childrens book _cc1970 |
||
| 300 |
_a251 _billustrations _c19cm |
||
| 520 | _aLike the rest of his family, Louis is a trumpeter swan. But unlike his four brothers and sisters, louis can't trumpet joyfully. In fact, He can even make a sound. And since he can't trumpet his love, the beautiful swan serena pays absolutely no attention to him. Louis tries everything he can think of to win serena's affection he even goes to school to learn to read and write. But nothing seems to work. Then his father steals him a real brass trumpet. Is a musical instrument the key to winning louis his love? | ||
| 546 | _aEnglish | ||
| 942 |
_2ddc _cFIC. _hFic. W582c 2013 _n0 |
||
| 999 |
_c9361 _d9361 |
||